000 01167nam0a22002771 4500
001 rc\2772240
005 20250810044515.0
035 _a(NLR Aleph) 006898597
090 _a7223504
_c7223504
100 _a20110915d1941 u y0rusy50 ca
101 0 _arus
102 _aRU
105 _aa z |||||
200 1 _aКоллоидно-химические основы применения глинистых растворов в буровой технике
210 _aМосква
_aЛенинград
_cГосгеолиздат
_d1941
_eМосква
215 _a80 с.
_cил., черт.
_d20 см.
225 1 _aТруды Всесоюзного научно-исследовательского института минерального сырья
_fКом. по делам геологии при СНК СССР
_vВып. 174
320 _aБиблиогр.: с. 78-9
700 1 _aЛютин
_bЛ.В.
_gЛазарь Владимирович
801 0 _aRU
_bNLR
_gpsbo
801 1 _aRU
_bELAR
_2rusmarc
852 _aNLR
_jП7/387
942 _cBOOK
945 _aРоссийская национальная библиотека
980 _aNB
980 _aBV